000 00555nam a22001937a 4500
003 OSt
005 20210426124116.0
008 210201s1965 ||||| |||| 00| 0 eng d
040 _aeng
_beng
_cDLC
041 _aeng
080 _a821.111
_bS-86
100 _9253
_aStout, Rex
245 _aThe Doorbell Rang
_b: A Nero Wolfe Novel
_c/ by: The Viking Press
260 _aNew York
_b The Viking Press
_c1965
300 _a156 p.
650 0 _9254
_aEnglish literature
653 _aინგლისური ლიტერატურა
942 _2udc
_cBK
999 _c1060
_d1060